Leisure time and consumption <an> expositive study of the finnish wage earne families in 1971
Gespeichert in:
| 1. Verfasser: | |
|---|---|
| Format: | Buch |
| Sprache: | Englisch |
| Veröffentlicht: |
Helsinki
School of Economics
1982
|
| Tags: |
Keine Tags, Fügen Sie das erste Tag hinzu!
|
MARC
| LEADER | 00000nam a2200000 4500 | ||
|---|---|---|---|
| 001 | c131218 | ||
| 005 | 20041019155251.7 | ||
| 041 | 0 | |a eng | |
| 044 | |a FI | ||
| 245 | 1 | 0 | |a Leisure time and consumption |b <an> expositive study of the finnish wage earne families in 1971 |c Reija Lilja |
| 264 | 1 | |a Helsinki |b School of Economics |c 1982 | |
| 300 | |a 127 s. | ||
| 100 | 1 | |a Lilja, Reija | |